Flags with Green - Sudden Death - Statistics

General Stats
  • This quiz has been taken 56 times
  • The average score is 14 of 24
Answers on the Grid
Answers color-coded by a green-red scale on the quiz's grid according to % correct below.
Saudi Arabia
Bangladesh
Bulgaria
Cameroon
Madagascar
Ethiopia
Gabon
Gambia
Grenada
Solomon Islands
Kuwait
Malawi
Mali
Mozambique
Niger
Portugal
Senegal
South Sudan
Suriname
Tajikistan
Vanuatu
Zimbabwe
Saint Kitts and Nevis
Mauritius
Angola
Argentina
Austria
North Korea
Costa Rica
Philippines
Georgia
France
Indonesia
Iceland
Laos
Latvia
Mongolia
Nepal
Palau
Peru
Qatar
United Kingdom
Romania
Democratic Republic of the Congo
Sweden
Switzerland
Thailand
Trinidad and Tobago
 
Answer Stats
Answer % Correct
Bulgaria
75%
Cameroon
70%
Gabon
70%
Senegal
70%
South Sudan
65%
Bangladesh
60%
Gambia
60%
Grenada
60%
Madagascar
60%
Mali
60%
Mauritius
60%
Mozambique
60%
Niger
60%
Portugal
60%
Ethiopia
55%
Saudi Arabia
55%
Zimbabwe
55%
Malawi
50%
Suriname
50%
Kuwait
45%
Saint Kitts and Nevis
45%
Solomon Islands
45%
Tajikistan
45%
Vanuatu
40%
No matching quizzes found
Score Distribution
Percent of People with Each Score
Percentile by Number Answered
Your Score History
You have not taken this quiz